| 000 | 00569nam a2200181Ia 4500 | ||
|---|---|---|---|
| 999 |
_c36603 _d36603 |
||
| 001 | 2522 | ||
| 003 | GE_BSU | ||
| 005 | 20221128115107.0 | ||
| 008 | 181216s2009||||ge |||||||||||||| ||geo|| | ||
| 040 | _cGE_BSU | ||
| 041 | _ageo | ||
| 080 | _a159.9 ფ–96 | ||
| 245 |
_aფსიქოლოგია XXI : _bკრებული / _cდიმიტრი უზნაძის ფსიქოლოგიის ინ–ტი. |
||
| 264 |
_aთბილისი, _c2009. |
||
| 300 | _a187 გვ. | ||
| 653 | _aფსიქოლოგია | ||
| 942 |
_cBK _2udc |
||